McGraw-Hill Education SAT 2018
4 full-length practice SATs in the book, including a Diagnostic test. Comprehensive overview of the current test format, including information on scoring. Realistic practice questions with thorough answer explanations that reflect Evidence-Based Reading and Writing, heart of Algebra, and all other q...
Bewaard in:
| Hoofdauteur: | |
|---|---|
| Formaat: | Boek |
| Taal: | Undetermined |
| Gepubliceerd in: |
New York
McGraw-Hill Education
2017
|
| Onderwerpen: | |
| Tags: |
Voeg label toe
Geen labels, Wees de eerste die dit record labelt!
|
| Thư viện lưu trữ: | Trung tâm Học liệu Trường Đại học Cần Thơ |
|---|
| LEADER | 01332nam a2200205Ia 4500 | ||
|---|---|---|---|
| 001 | CTU_226094 | ||
| 008 | 210402s9999 xx 000 0 und d | ||
| 082 | |a 378.1662 | ||
| 082 | |b B627 | ||
| 100 | |a Black, Christopher | ||
| 245 | 0 | |a McGraw-Hill Education SAT 2018 | |
| 245 | 0 | |c Christopher Black, Mark Anestis | |
| 260 | |a New York | ||
| 260 | |b McGraw-Hill Education | ||
| 260 | |c 2017 | ||
| 520 | |a 4 full-length practice SATs in the book, including a Diagnostic test. Comprehensive overview of the current test format, including information on scoring. Realistic practice questions with thorough answer explanations that reflect Evidence-Based Reading and Writing, heart of Algebra, and all other questions types you'll see on test day Specific tips for mastering the Reading Comprehension section you won't find anywhere else. Hundreds of Math practice questions like the ones on the SAT, covering both grid-ins and multiple choice answers. Extensive challenge problems throughout the book that reflect the SAT's most difficult concepts. A FREE customizable test planner app to help you organize your study schedule. | ||
| 650 | |a SAT (Educational test),SAT (Kiểm tra giáo dục) | ||
| 650 | |x Study guides,Hướng dẫn học | ||
| 910 | |b nthai | ||
| 980 | |a Trung tâm Học liệu Trường Đại học Cần Thơ | ||